000 01623nam0a2200373 4500
001 RU\NLR\bibl\1990636
005 20260406082443.0
010 _a978-5-271-44993-2
_93000
021 _aRU
_b2012-99599
_97348
035 _a(NLR Aleph) 001979173
090 _a4065513
_c4065513
100 _a20130122d2012 |||y0rusy50 ca
101 1 _arus
_ceng
102 _aRU
105 _aa |||||||||
200 1 _aЖизнь
_fКит Ричардс
_gзаписано Джеймсом Фоксом
_gпер. с англ. Максима Колопотина
210 _aМосква
_cАстрель
_cCorpus
_d2012
215 _a781, [2] c., [32] л. ил., цв. ил., портр.
_cпортр.
_d22
300 _aЗагл. и авт. ориг.: Life / Keith Richards
320 _aАлф. указ.: с. 752-780
454 0 _12001#$aLife
_1700#1$aRichards$bK.$f1943-$gKeith$3RU\NLR\AUTH\770277169$4070
_tLife
_aRichards, Keith (1943-)
600 1 _aРичардс
_bК.
_f1943
_gКит
_92134936
_3RU\NLR\auth\661591776
601 0 2 _a"Роллинг стоунз", ансамбль
_cВеликобритания
_92246641
_3RU\NLR\auth\661347792
686 _aЩ364.13(4Вл)6-68"Роллинг стоунз"
686 _aЩ364.13(4Вл)6-83Ричардс
700 1 _4070
_7ca
_8rus
_aРичардс
_bК.
_cгитарист
_f1943-
_gКит
_3RU\NLR\AUTH\770277173
_92649140
701 1 _aФокс
_bД.
_f1945-
_gДжеймс
_4070
801 0 _aRU
_bNLR
_c20130122
_gRCR
801 1 _aRU
_bNLR
_c20130122
942 _cBOOK
980 _aNBR
980 _aNB